Central Library OPAC University of Rajshahi

History of Sanskrit poetics / (Record no. 21899)

MARC details
000 -LEADER
fixed length control field 00958cam a22002891 4500
001 - CONTROL NUMBER
control field 21899
003 - CONTROL NUMBER IDENTIFIER
rucl marc code BD-RjUL
005 - DATE AND TIME OF LATEST TRANSACTION
control field 20211209000737.0
008 - FIXED-LENGTH DATA ELEMENTS--GENERAL INFORMATION
fixed length control field 140305s1961 ii b 001 0 eng
035 ## - SYSTEM CONTROL NUMBER
System control number (BD-RjUL)21964
System control number (OCoLC)1043332
040 ## - CATALOGING SOURCE
Original cataloging agency DLC
Transcribing agency OU
Modifying agency OCoLC
-- BD-RjUL
Language of cataloging eng
041 0# - LANGUAGE CODE
Language code of text/sound track or separate title engsan
082 00 - DEWEY DECIMAL CLASSIFICATION NUMBER
Classification number 809.1
Author mark and year KAH 1961
100 1# - MAIN ENTRY--PERSONAL NAME
Personal name Kāṇe, Pāṇḍuraṅga Vāmana,
Dates associated with a name 1880-
9 (RLIN) 67612
245 10 - TITLE STATEMENT
Title History of Sanskrit poetics /
Statement of responsibility, etc. Pāṇḍuraṅga Vāmana Kāṇe.
250 ## - EDITION STATEMENT
Edition statement 3rd. rev. ed.
260 ## - PUBLICATION, DISTRIBUTION, ETC. (IMPRINT)
Place of publication, distribution, etc. Delhi :
Name of publisher, distributor, etc. Motilal Banarsidass,
Date of publication, distribution, etc. c1961.
300 ## - PHYSICAL DESCRIPTION
Pagination viii, 446 p. ;
Size 23 cm.
500 ## - GENERAL NOTE
General note Includes some notes and quotations in Sanskrit in Devanāgarī characters.
504 ## - BIBLIOGRAPHY, ETC. NOTE
Bibliography, etc "Index of authors and works on Sanskrit poetics": p. [397]-446.
650 #0 - SUBJECT ADDED ENTRY--TOPICAL TERM
Topical term or geographic name as entry element Poetics.
9 (RLIN) 67613
Topical term or geographic name as entry element Sanskrit poetry
General subdivision History and criticism.
9 (RLIN) 67058
942 ## - ADDED ENTRY ELEMENTS (KOHA)
Source of classification or shelving scheme Dewey Decimal Classification
Koha item type Books
Holdings
Lost status Source of classification or shelving scheme Damaged status Not for loan Collection code Permanent Location Current Location Shelving location Date acquired Source of acquisition Cost, normal purchase price Total Checkouts Full call number Date last seen Copy number Koha item type
  Dewey Decimal Classification   Added to bundle Fiction Central Library, University of Rajshahi Central Library, University of Rajshahi Reading Room 21/10/1963 kamala bk 15.00   809.1 KAH 1961 05/03/2014 C-1 Books